[Event "IND-chT 38th"]
[Site "Bhubaneswar"]
[Date "2018.02.09"]
[Round "2.2"]
[White "Sathya, Giri V"]
[Black "Stany, George Anthony"]
[Result "0-1"]
[WhiteElo "1913"]
[BlackElo "2500"]
[PlyCount "54"]
[EventDate "2018.02.08"]
[EventType "team-swiss"]
[EventRounds "9"]
[EventCountry "IND"]
[SourceTitle "CBM 182 Extra"]
[Source "ChessBase"]
[SourceDate "2018.02.23"]
[SourceVersion "1"]
[SourceVersionDate "2018.02.23"]
[SourceQuality "1"]
[WhiteTeam "Tamil Nadu"]
[BlackTeam "Airports Authority"]
[WhiteTeamCountry "IND"]
[BlackTeamCountry "IND"]

1. d4 Nf6 2. Nf3 g6 3. g3 Bg7 4. Bg2 d5 5. 0-0 0-0 6. c4 dxc4 7. Na3 c3 8. bxc3 c5 9. Bb2 Nc6 10. e3 Bf5 11. Nd2 Bg4 12. Qa4 Bd7 13. Qc4 cxd4 14. cxd4 Rc8 15. d5 Nb8 16. Qb3 Na6 17. Ndc4 Nc5 18. Qd1 Bf5 19. Bd4 Bd3 20. Re1 Nxd5 21. Nb2 Nc3 22. Qd2 N3e4 23. Qd1 Nxf2 24. Qf3 Nfe4 25. Nxd3 Nxd3 26. Qxe4 Nxe1 27. Rxe1 Qa5 0-1